00457nam a22001697a 4500008004100000020001800041041000800059080001000067100002500077245005100102250001200153260004400165300003000209650001800239650001900257650001100276150521b xxu||||| |||| 00| 0 eng d a97800716291020 aeng a623.81 aMarchaj, Czesław A.10aAero-hydrodynamics of sailing /cC.A. Marchaj. a3rd ed. aLondon :bAdlard Coles Nautical,c2000. a763 f. :bme il.;c27 cm. 0aAero-dinamika 0aHidro-dinamika 0aAnijet